| 000 | 00364nam a2200133Ia 4500 | ||
|---|---|---|---|
| 008 | 150202s9999 xx 000 0 und d | ||
| 020 | _a373511868 | ||
| 050 |
_aFIC _bFIC |
||
| 100 | _aMyers, Helen R. | ||
| 245 |
_aWatching For Willa / _cHelen R. Myers. |
||
| 260 |
_aNew York : _bSilhouette Books, _c1995. |
||
| 300 |
_a249 pages : _c18 cm. |
||
| 650 | _aFiction. | ||
| 999 |
_c282304 _d282304 |
||